000 00614nam a2200217Ia 4500
003 OSt
005 20230327150555.0
008 210423s2008 xx 000 0 und d
020 _a8173810419
040 _cAL
041 _aeng
082 _a547.2
_223
_bKARR
100 _aKAR (Ratan Kumar).
_978473
245 _aFundamentals of organic synthesis: the retrosynthetic analysis.V2.
260 _aNew Delhi
_bNew Central Book Agency
_c2008
300 _axxi,680
365 _b585
_cINR
440 _v2
906 _a2. ; analysis.V ; Fundamentals ; organic ; retrosynthetic ; synthesis:
942 _2ddc
_cBK
999 _c154189
_d154189